| 000 | 00409nam a22001697a 4500 | ||
|---|---|---|---|
| 005 | 20160429104537.0 | ||
| 008 | 160429b xxu||||| |||| 00| 0 eng d | ||
| 020 | _a81-2031165-5 | ||
| 041 | _aeng | ||
| 082 | _b00755 | ||
| 100 |
_aTanenbaum, Andrew S. _9108 |
||
| 245 | _aComputer Network | ||
| 260 |
_aNew Delhi _bPHI Pvt Ltd. _c2001 |
||
| 300 | _a813 | ||
| 650 |
_aInformation Technology _9137 |
||
| 942 | _cBK | ||
| 999 |
_c235 _d235 |
||